00388nam a2200145Ia 4500008004100000020001500041041001200056082001600068100001600084245007200100260002500172300000800197650002100205700001600226221030s9999 xx 000 0 und d a0070447594 aEnglish a105.23bSel aS. T. Selvi 0aTest Your Skills in C ( DEPARTMENTAL )cby S. T. Selvi, R. Mugersen bTMHaNew Delhic2002 a263 aCSE Departmental aR. Mugersen